Pueblos de la provincia de Valencia - Estadísticas

Estadísticas generales
  • Esta prueba ha sido intentada 1.668 veces
  • La puntuación promedio es 64 de 266
Estadísticas de respuestas
PUEBLO HABINTANTES % Correcto
Torrente 80 107
74%
Valencia 786 189
74%
Gandía 75 514
73%
Cullera 22 236
69%
Sagunto 64 944
67%
Játiva 29 095
66%
Requena 20 621
64%
Paterna 67 340
63%
Alboraya 23 819
62%
Manises 30 807
61%
Catarroja 27 688
60%
Silla 18 570
60%
Alcira 44 554
59%
Alfafar 21 125
59%
Albal 16 029
58%
Burjasot 37 546
57%
Liria 22 745
57%
Paiporta 24 810
57%
Picasent 20 427
57%
Utiel 11 915
57%
Sueca 28 252
56%
Masanasa 9 264
55%
Puebla de Farnals 7 776
55%
Puebla de Vallbona 22 994
55%
Puebla Larga 4 536
55%
Puebla del Duc 2 556
54%
Puebla de San Miguel 61
54%
Buñol 9 976
52%
Mislata 43 320
52%
Algemesí 27 633
51%
Tabernes Blanques 9 244
51%
Tabernes de Valldigna 17 734
51%
Aldaya 31 120
49%
Benetúser 14 436
49%
Bétera 22 349
48%
Chiva 15 004
48%
Godella 13 071
48%
Carcagente 20 479
47%
Cheste 8 459
47%
Oliva 26 190
47%
Ribarroja del Turia 21 391
47%
La Alcudia 11 691
45%
La Eliana 17 436
45%
Chirivella 28 963
44%
Moncada 21 842
44%
Picaña 11 270
43%
Villanueva de Castellón 7 270
43%
Alcudia de Crespins 5 282
41%
Benifayó 11 913
41%
Chera 527
41%
Masamagrell 15 523
40%
Carlet 15 397
39%
El Puig 8 844
39%
Puzol 19 357
39%
Alacuás 29 838
38%
Foyos 7 199
38%
Ademuz 1 149
37%
Castellón de Rugat 2 287
37%
Alcácer 9 612
36%
Alginet 13 144
36%
Almusafes 8 759
36%
Rafelbuñol 8 883
36%
Sedaví 10 180
36%
Albalat de la Ribera 3 467
34%
Albalat dels Sorells 3 896
34%
Albalat de Taronchers 1 178
34%
Alberique 10 498
33%
Anna 2 712
33%
Meliana 10 588
33%
Onteniente 35 621
33%
Benaguacil 10 936
32%
Cuart de les Valls 1 056
32%
Cuart de Poblet 24 864
32%
San Antonio de Benagéber 7 981
32%
Godelleta 3 380
31%
Turís 6 528
31%
Museros 6 189
30%
Náquera 6 204
30%
Rocafort 6 829
30%
Siete Aguas 1 282
30%
Canet de Berenguer 6 426
29%
Chelva 1 446
29%
Monserrat 7 231
29%
Ayora 5 303
28%
Canals 13 628
28%
Adzaneta de Albaida 1 307
27%
Jaraco 5 881
27%
Albaida 5 987
26%
Alfara de la Baronía 526
26%
Alfara del Patriarca 3 228
26%
Casinos 2 785
26%
Mogente 4 527
26%
Villar del Arzobispo 3 597
26%
Gilet 3 314
25%
Montroy 2 891
25%
Benimodo 2 229
24%
Bocairente 4 357
24%
Serra 3 142
24%
Sollana 4 941
24%
Beniparrell 1 922
23%
Catadau 2 761
23%
Chulilla 676
23%
Dos Aguas 443
23%
Fuente Encarroz 3 761
23%
Fuente la Higuera 2 139
23%
Manuel 2 507
23%
Tous 1 265
23%
Villamarchante 9 208
23%
Cofrentes 1 097
22%
Enguera 5 083
22%
Masalfasar 2 473
22%
Real 2 291
22%
Real de Gandía 2 286
22%
Rotglá y Corbera 1 144
22%
Jeresa 2 239
21%
Olocau 1 670
21%
Vallada 3 121
21%
Almácera 7 269
20%
Corbera 3 233
20%
Llombay 2 765
20%
Yátova 2 117
20%
Albuixech 3 928
19%
Favareta 2 461
19%
Guadasuar 5 927
19%
Loriguilla 1 953
19%
Ador 1 374
18%
Alborache 1 136
18%
Ayelo de Malferit 4 705
18%
Ayelo de Rugat 173
18%
Benigánim 6 120
18%
Casas Altas 146
18%
Casas Bajas 188
18%
Navarrés 3 104
18%
Ollería 8 369
18%
Sot de Chera 424
18%
Benagéber 217
17%
Benifairó de la Valldigna 1 622
17%
Benifairó de los Valles 2 239
17%
Faura 3 477
17%
Llosa de Ranes 3 575
17%
Lugar Nuevo de la Corona 144
17%
Marines 1 859
17%
Palma de Gandía 1 652
17%
Pedralba 2 859
17%
Torres Torres 642
17%
Benisanó 2 233
16%
Chella 2 604
16%
Daimuz 3 054
16%
Lugar Nuevo de Fenollet 919
16%
Lugar Nuevo de San Jerónimo 527
16%
Piles 2 740
16%
Simat de Valldigna 3 362
16%
Sumacárcel 1 168
16%
Venta del Moro 1 376
16%
Vinalesa 3 284
16%
Bolbaite 1 389
15%
Bonrepós y Mirambell 3 566
15%
Calles 391
15%
Cárcer 1 965
15%
Énova 941
15%
Estivella 1 380
15%
Montesa 1 257
15%
Alfarp 1 532
14%
Benimuslem 658
14%
Bicorp 533
14%
Camporrobles 1 322
14%
Losa del Obispo 502
14%
Miramar 2 620
14%
Titaguas 473
14%
Tuéjar 1 158
14%
Agullent 2 402
13%
Algimia de Alfara 1 048
13%
Bellreguart 4 623
13%
Emperador 687
13%
Gátova 364
13%
Genovés 2 821
13%
Guardamar de la Safor 489
13%
Llaurí 1 233
13%
Masalavés 1 597
13%
Quesa 690
13%
Alcublas 727
12%
Alfarrasí 1 241
12%
Antella 1 301
12%
Gestalgar 663
12%
Jalance 914
12%
Jarafuel 808
12%
Macastre 1 249
12%
Petrés 977
12%
Poliñá de Júcar 2 526
12%
Riola 1 838
12%
Sinarcas 1 168
12%
Villalonga 4 352
12%
Zarra 346
12%
Alpuente 679
11%
Benicull 993
11%
Bugarra 739
11%
Cortes de Pallás 993
11%
Domeño 718
11%
Rafelguaraf 2 422
11%
Rótova 1 285
11%
Aras de los Olmos 382
10%
Barcheta 1 615
10%
Caudete de las Fuentes 724
10%
Cuatretonda 2 378
10%
Gabarda 1 113
10%
Millares 387
10%
Otos 455
10%
Palmera 922
10%
Alcántara de Júcar 1 341
9%
Alfahuir 458
9%
Almoines 2 302
9%
Alquería de la Condesa 1 504
9%
Andilla 362
9%
Cerdá 361
9%
Fontanares 1 003
9%
Fortaleny 1 039
9%
Llanera de Ranes 1 058
9%
Luchente 2 422
9%
Rafelcofer 1 410
9%
Segart 170
9%
Señera 1 175
9%
Teresa de Cofrentes 675
9%
Bellús 326
8%
Beniarjó 1 754
8%
Beniflá 453
8%
Carrícola 98
8%
Estubeny 119
8%
Higueruelas 516
8%
La Yesa 252
8%
Salem 432
8%
Algar de Palancia 503
7%
Benavites 626
7%
Benicolet 612
7%
Benirredrá 1 592
7%
Castellonet 133
7%
Castielfabib 275
7%
Cuartell 1 557
7%
La Granja de la Costera 331
7%
Montaberner 1 691
7%
Palomar 588
7%
Potríes 1 020
7%
Rugat 179
7%
San Juan de Énova 476
7%
Bélgida 683
6%
Benisoda 431
6%
Bufali 167
6%
Fuenterrobles 698
6%
Montichelvo 665
6%
Novelé 856
6%
Pinet 170
6%
Ráfol de Salem 423
6%
Sellent 401
6%
Sempere 35
6%
Torrella 156
6%
Vallanca 149
6%
Villargordo del Cabriel 650
6%
Bárig 1 264
5%
Beniatjar 240
5%
Cotes 357
5%
Guadasequies 466
5%
Terrateig 300
5%
Torrebaja 435
5%
Vallés 145
5%
Almiserat 272
4%
Benegida 690
3%
Benisuera 191
3%
No se encontraron pruebas coincidentes
Distribución de puntuación
Porcentaje de gente con cada puntuación
Porcentaje por número respondido
Historial de tus puntuaciones
No has intentado esta prueba.